[Event "XXVIII Open"]
[Site "Zalakaros HUN"]
[Date "2009.05.11"]
[Round "4"]
[White "Feher,Ad"]
[Black "Munka,B"]
[Result "1-0"]
[WhiteElo "2251"]
[BlackElo "1877"]

1.e4 d6 2.d4 Nf6 3.Nc3 e5 4.Nf3 exd4 5.Nxd4 Be7 6.Bf4 O-O 7.Qd2 Nc6 8.O-O-O Bd7
9.f3 a6 10.g4 Nxd4 11.Qxd4 Bc6 12.Kb1 b5 13.h4 Re8 14.Bc1 Nd7 15.g5 Nf8 16.Nd5 Ne6
17.Qf2 Bf8 18.Bh3 Qb8 19.h5 b4 20.g6 fxg6 21.hxg6 hxg6 22.Qg3 g5 23.Bf5 Qd8
24.Bg6 Bxd5 25.Rh8+  1-0

[Event "ch-ESP Universities"]
[Site "La Pineda de Vila-Seca ESP"]
[Date "2009.05.14"]
[Round "9"]
[White "Ibarra Jerez,JC"]
[Black "Cuenca Jimenez,J"]
[Result "1-0"]
[WhiteElo "2514"]
[BlackElo "2426"]

1.e4 d6 2.d4 Nf6 3.Nc3 e5 4.Nf3 Nbd7 5.Bc4 Be7 6.O-O O-O 7.a4 c6 8.Re1 b6
9.b3 Bb7 10.Bb2 a6 11.Bd3 Re8 12.Ne2 d5 13.Ng3 dxe4 14.Nxe4 exd4 15.Nxd4 Bb4
16.c3 Bf8 17.Qc2 c5 18.Ng5 g6 19.Ndf3 Qc7 20.c4 Bg7 21.a5 bxa5 22.Bc3 Rxe1+
23.Rxe1 Re8 24.Qd2 Rxe1+ 25.Qxe1 h6 26.Qe7 hxg5 27.Nxg5 Qf4 28.Qxf7+ Kh8
29.Qxg7+ Kxg7 30.Ne6+ Kf7 31.Nxf4 g5 32.Nh3 g4 33.Ng5+ Ke7 34.f3 a4 35.bxa4 gxf3
36.Nxf3 Ne4 37.Be1 Nd6 38.Bg3 Bc6 39.a5 Nb7 40.Bc7 Nf6 41.Kf2 Ne8 42.Bb6 Ned6
43.Ne5 Be8 44.Be2 Ke6 45.Nd3 Nxc4 46.Nxc5+ Nxc5 47.Bxc4+ Kd6 48.Bxc5+ Kxc5
49.Bxa6 Kb4 50.Ke3 Kxa5 51.Bd3 Kb6 52.Kd4 Kc7 53.Ke5 Kd8 54.Kf6 Kc7 55.Bg6 Bc6
56.g4 Kd6 57.g5  1-0

[Event "8th Asian Continental Open"]
[Site "Subic Bay PHI"]
[Date "2009.05.14"]
[Round "2"]
[White "Priyadharshan,K"]
[Black "Al Sayed,Mohamad"]
[Result "0-1"]
[WhiteElo "2411"]
[BlackElo "2496"]

1.e4 d6 2.d4 Nf6 3.Nc3 e5 4.Nf3 Nbd7 5.g4 Nxg4 6.Rg1 Ngf6 7.Be3 c6 8.Qd2 b5
9.a3 Bb7 10.O-O-O g6 11.Bh3 Be7 12.Bh6 a5 13.dxe5 dxe5 14.Bg7 Rg8 15.Qh6 Qc7
16.Rxd7 Nxd7 17.Qxh7 Rxg7 18.Qxg7 Bf6 19.Qh7 Nf8 20.Qh6 Bc8 21.Rd1 Bxh3 22.Qxh3 Ne6
23.Qf1 Kf8 24.Kb1 Kg7 25.Qd3 Rh8 26.Rg1 Qb6 27.Nd1 Rd8 28.Qe3 Qc5 29.Re1 a4
30.Qxc5 Nxc5 31.Nc3 Ne6 32.Rg1 Nd4 33.Nxd4 exd4 34.Ne2 d3 35.cxd3 Rxd3 36.Nf4 Rf3
37.Nh5+ Kh6 38.Nxf6 Rxf6 39.Rg2 Rf4 40.Kc2 Rxe4 41.Kd3 f5 42.f3 Rc4 43.Ke3 g5
44.Rd2 Kg6 45.Rd6+ Kf7 46.Kd3 Ke7 47.Rg6 Rf4 48.Rxc6 Rxf3+ 49.Kd4 Rf2 50.Rc5 g4
51.Rxb5 Kf6 52.Ra5 Rxh2 53.Rxa4 Rxb2 54.Ke3 Kg5 55.Ra5 g3 56.Ra8 f4+ 57.Kf3 Rf2+
58.Ke4 Kg4 59.Rg8+ Kh3 60.a4 Kh2 61.a5 g2 62.Rh8+ Kg1 63.a6 Ra2 64.Kxf4 Kf2
65.a7 Rxa7  0-1

[Event "XXVIII Open"]
[Site "Zalakaros HUN"]
[Date "2009.05.15"]
[Round "8"]
[White "Groszpeter,A"]
[Black "Czebe,A"]
[Result "1/2-1/2"]
[WhiteElo "2553"]
[BlackElo "2472"]

1.e4 d6 2.d4 Nf6 3.Nc3 e5 4.Nf3 Nbd7 5.Bc4 Be7 6.O-O c6 7.a4 h6 8.Re1 Qc7
9.b3 Nf8 10.dxe5 dxe5 11.Nh4 g6 12.Bb2 Be6 13.Bxe6 Nxe6 14.Nf3 Rd8 15.Qc1 Nd7
16.Nd5 cxd5  1/2-1/2

[Event "Champions League CAA"]
[Site "Buenos Aires ARG"]
[Date "2009.05.16"]
[Round "3"]
[White "Schweber,S"]
[Black "Perelman,H"]
[Result "1/2-1/2"]
[WhiteElo "2349"]
[BlackElo "2326"]

1.e4 d6 2.d4 Nf6 3.Nc3 Nbd7 4.Nf3 e5 5.Bc4 Be7 6.dxe5 dxe5 7.O-O O-O 8.Qe2 c6
9.Rd1 Qc7 10.a4 Qa5 11.h3 Nc5  1/2-1/2

[Event "Porto Mannu Open"]
[Site "Palau ITA"]
[Date "2009.05.16"]
[Round "1"]
[White "Cori,J"]
[Black "Chapman,T"]
[Result "1-0"]
[WhiteElo "2418"]
[BlackElo "2232"]

1.e4 d6 2.d4 Nf6 3.Nc3 c6 4.f3 Nbd7 5.Be3 e5 6.Nge2 Be7 7.g4 O-O 8.Ng3 Ne8
9.Qd2 exd4 10.Bxd4 Ne5 11.Be2 b5 12.O-O g6 13.h3 b4 14.Nd1 c5 15.Bf2 Ba6
16.f4 Bxe2 17.Qxe2 Nc6 18.Ne3 Bf6 19.Nc4 Nd4 20.Qd3 d5 21.Ne5 Ne6 22.Nc6 Qc7
23.exd5 Nxf4 24.Qf3 Nxh3+ 25.Kg2 Nxf2 26.Rxf2 Bxb2 27.Re1 Bf6 28.Rxe8 Raxe8
29.Qxf6 Re3 30.Qf4 Qxf4 31.Rxf4 Re1 32.Rf1 Rxf1 33.Kxf1 f5 34.d6 fxg4+ 35.Ke2 Re8+
36.Kf2 Rf8+ 37.Ke3 Rf7 38.Ne5 Rf6 39.Ne4 Rf8 40.d7 c4 41.Nf6+  1-0

[Event "8th Asian Continental Women"]
[Site "Subic Bay PHI"]
[Date "2009.05.16"]
[Round "4"]
[White "Zhang Xiaowen"]
[Black "Zhu Chen"]
[Result "1-0"]
[WhiteElo "2340"]
[BlackElo "2491"]

1.e4 d6 2.d4 Nf6 3.Nc3 e5 4.dxe5 dxe5 5.Qxd8+ Kxd8 6.Be3 Bd6 7.O-O-O Ke7
8.h3 c6 9.g3 b5 10.Bg2 Nbd7 11.f4 Ba6 12.Nf3 b4 13.fxe5 Nxe5 14.Nxe5 Bxe5
15.Bc5+ Ke6 16.Bxb4 Rhb8 17.a3 Nh5 18.Na4 Bc8 19.Nc5+ Kf6 20.Nd3 Nxg3 21.Nxe5 Rxb4
22.axb4 Kxe5 23.Rhe1 Ba6 24.Rd7 Bc4 25.b3 Be6 26.Rd3 Nh5 27.Rc3 Nf4 28.Rc5+ Kd6
29.e5+ Ke7 30.Bxc6 Rb8 31.h4 h6 32.Re4 g5 33.hxg5 hxg5 34.b5 Rc8 35.Ra4 Rc7
36.Kb2 Ne2 37.Rxa7 Rxa7 38.b6 Ra6 39.b7 Rb6 40.Rb5 Rxb7 41.Rxb7+ Kd8 42.Bf3 Nd4
43.Bh5 Ke8 44.Rb8+ Ke7 45.Rg8 Bf5 46.Rxg5 Bxc2 47.Rg4 Bd1 48.Rxd4 Bxh5 49.Rd6  1-0

[Event "CICC Open"]
[Site "Calgary CAN"]
[Date "2009.05.17"]
[Round "7"]
[White "Hansen,Eric"]
[Black "Porper,E"]
[Result "1-0"]
[WhiteElo "2398"]
[BlackElo "2435"]

1.e4 d6 2.d4 Nf6 3.Nc3 e5 4.Nf3 Nbd7 5.Bc4 Be7 6.O-O O-O 7.Re1 c6 8.a4 b6
9.b3 Bb7 10.Ba3 a6 11.d5 c5 12.Bf1 Ne8 13.b4 Rc8 14.bxc5 Nxc5 15.Rb1 g6 16.Nd2 Nf6
17.Nc4 Nfd7 18.Bb4 Kh8 19.Re3 Qc7 20.Rh3 Rg8 21.Be2 Rcf8 22.Rb2 Bc8 23.Qb1 Bg5
24.Rf3 Bd8 25.Bd3 Be7 26.Ba3 Bd8 27.Bb4 Be7 28.h3 f5 29.exf5 e4 30.Bxe4 Nxe4
31.Nxe4 Qxc4 32.Bc3+ Ne5 33.Rb4 Qc7 34.f6 Nxf3+ 35.gxf3 Bd8 36.f7+ Rg7 37.Bxg7+ Kxg7
38.Qb2+ Kxf7 39.Rc4 Qe7 40.Rxc8 Qe5 41.Qxe5 dxe5 42.Ra8 a5 43.Kf1 Bh4 44.Rxf8+ Kxf8
45.Ke2 Ke7 46.Kd3 Kd7 47.Kc4 Bd8 48.Kb5 h5 49.c4 Bc7 50.c5 bxc5 51.Kxc5 Bb8
52.d6  1-0

[Event "Porto Mannu Open"]
[Site "Palau ITA"]
[Date "2009.05.18"]
[Round "3"]
[White "Salzano,G"]
[Black "Chapman,T"]
[Result "0-1"]
[WhiteElo "1984"]
[BlackElo "2232"]

1.e4 d6 2.d4 Nf6 3.Nc3 c6 4.f4 Qa5 5.Bd3 e5 6.Nf3 Nbd7 7.O-O Be7 8.Kh1 O-O
9.Qe1 Qc7 10.Be3 b5 11.a4 b4 12.Ne2 c5 13.dxe5 dxe5 14.b3 Bb7 15.Nd2 Ng4
16.Bg1 exf4 17.Nc4 Bg5 18.Nxf4 Bxf4 19.Qh4 Be5 20.Qxg4 Bxa1 21.Rxa1 Rae8
22.Rf1 Ne5 23.Nxe5 Qxe5 24.Rf5 Qa1 25.Rxc5 Qe1 26.Rg5 g6 27.e5 Rxe5 28.Rxe5 Qxe5
29.Qxb4 Qd5 30.Qg4 Re8 31.h4 Re1 32.Qg3 a5 33.Kh2 Rd1 34.Bc4 Qc6 35.Bb5 Qxc2
36.Qb8+ Qc8 37.Qxc8+ Bxc8 38.Bb6 Be6 39.Bxa5 Bxb3 40.Bb6 Be6 41.a5 h6 42.Kg3 f6
43.Bf2 Rb1 44.Be2 Rb3+ 45.Bf3 Ra3 46.Bb6 Kg7 47.Kf2 Bc4 48.Bb7 g5 49.hxg5 hxg5
50.g3 Bb5 51.Bc7 Kg6 52.Ke1 Re3+ 53.Kf2 Re7 54.a6 Bxa6 55.Bxa6 Rxc7 56.g4 Rc3
57.Bb5 Kf7 58.Bd7 Ke7 59.Bf5 Kd6 60.Bg6 Ke5 61.Bf5 Kf4 62.Be6 Rf3+ 63.Kg2 Rg3+
64.Kf2  0-1

[Event "Porto Mannu Open"]
[Site "Palau ITA"]
[Date "2009.05.19"]
[Round "4"]
[White "Antkowiak,G"]
[Black "Cavatorta,F"]
[Result "0-1"]
[WhiteElo "2197"]
[BlackElo "1957"]

1.e4 d6 2.d4 Nf6 3.Nc3 Nbd7 4.g3 e5 5.Nge2 c6 6.Bg2 Be7 7.O-O O-O 8.h3 b5
9.a3 Nb6 10.g4 Re8 11.f4 Nfd7 12.Qd3 Bb7 13.Qg3 Rc8 14.g5 Kh8 15.h4 Qc7 16.Kh2 a6
17.fxe5 dxe5 18.Rxf7 Bd6 19.d5 cxd5 20.exd5 Rf8 21.g6 Rxf7 22.gxf7 Rf8 23.Be3 Rxf7
24.Kh1 Nf6 25.Rf1 Nh5 26.Qg5 Rxf1+ 27.Bxf1 Nf6 28.Bxb6 Qxb6 29.Bg2 Bc8 30.Ng3 Kg8
31.Nf5 Bxf5 32.Qxf5 Qd8 33.Qe6+ Kf8 34.Bh3 Be7 35.Qxe5 Qd6 36.Qxd6 Bxd6 37.Bc8 b4
38.axb4 Bxb4 39.Na2 a5 40.Nxb4 axb4 41.d6 Ne4 42.Bf5 Ng3+  0-1

[Event "Porto Mannu Open"]
[Site "Palau ITA"]
[Date "2009.05.19"]
[Round "5"]
[White "Friedrich,N"]
[Black "Chapman,T"]
[Result "1-0"]
[WhiteElo "2350"]
[BlackElo "2232"]

1.e4 d6 2.d4 Nf6 3.Nc3 c6 4.a4 Qc7 5.h3 e5 6.Nf3 Be7 7.Bc4 O-O 8.O-O b6 9.Qe2 Bb7
10.Rd1 a6 11.dxe5 dxe5 12.Nh4 b5 13.Ba2 b4 14.Nb1 c5 15.Nd2 g6 16.Ndf3 Nxe4
17.Bh6 Re8 18.Bxf7+ Kxf7 19.Qc4+ Kf6 20.Nh2 Bd6 21.Rd3 Re6 22.Re1 Ke7 23.Rxe4 Bxe4
24.Qxe4 Nc6 25.N4f3 Kd7 26.Ng5 Re7 27.Qg4+ Ke8 28.Rf3 Rd7 29.Qe6+  1-0

[Event "Porto Mannu Open"]
[Site "Palau ITA"]
[Date "2009.05.19"]
[Round "5"]
[White "Vocaturo,D"]
[Black "Cavatorta,F"]
[Result "1-0"]
[WhiteElo "2480"]
[BlackElo "1957"]

1.e4 d6 2.d4 Nf6 3.Nc3 Nbd7 4.Nf3 e5 5.Bc4 Be7 6.O-O h6 7.Qe2 c6 8.Rd1 Qc7
9.a4 Nf8 10.Be3 Rg8 11.Rd2 g5 12.Rad1 Ng6 13.Bb3 a6 14.Qc4 Rg7 15.dxe5 dxe5
16.Nd5 Nxd5 17.exd5 b5 18.Qxc6+ Qxc6 19.dxc6 Bg4 20.c7 Rc8 21.Bb6 f6 22.Rd8+ Bxd8
23.Rxd8+  1-0

[Event "8th Asian Continental Open"]
[Site "Subic Bay PHI"]
[Date "2009.05.19"]
[Round "7"]
[White "So,W"]
[Black "Al Sayed,Mohamad"]
[Result "1/2-1/2"]
[WhiteElo "2641"]
[BlackElo "2496"]

1.e4 d6 2.d4 Nf6 3.Nc3 e5 4.Nf3 Nbd7 5.Bc4 Be7 6.O-O O-O 7.Re1 a6 8.a4 b6
9.Bg5 Bb7 10.Qd2 c6 11.Bb3 Re8 12.Rad1 Qc7 13.Bxf6 Nxf6 14.d5 cxd5 15.Nxd5 Nxd5
16.Bxd5 Bxd5 17.Qxd5 Qxc2 18.Rc1 Qxa4 19.Rc7 Rac8 20.Ng5 Rxc7 21.Qxf7+ Kh8
22.Ne6 Bd8 23.Nxc7 Bxc7 24.Qxc7 Qb4 25.Re3 Qxb2 26.h3 Rg8 27.Qxd6 a5 28.Rg3 a4
29.Rxg7 Qc1+ 30.Kh2 Qf4+ 31.Rg3 h5 32.Qe6 Rxg3 33.fxg3 Qxe4 34.Qe8+ Kg7 35.Qe7+ Kg6
36.Qe6+ Kg7  1/2-1/2

[Event "8th Asian Continental Open"]
[Site "Subic Bay PHI"]
[Date "2009.05.19"]
[Round "7"]
[White "Garma,E"]
[Black "Olay,E"]
[Result "1-0"]
[WhiteElo "2421"]
[BlackElo "2348"]

1.e4 d6 2.d4 Nf6 3.Nc3 e5 4.dxe5 dxe5 5.Qxd8+ Kxd8 6.Bc4 Be6 7.Bxe6 fxe6
8.Nf3 Nbd7 9.a3 a6 10.Ng5 Ke7 11.f4 exf4 12.Bxf4 e5 13.Bg3 h6 14.Nf3 Ke6
15.O-O-O Bd6 16.Nh4 Rhf8 17.Rhf1 Rf7 18.Rf3 Nc5 19.Rdf1 Rff8 20.Ng6 Rfe8
21.Rf5 Ncd7 22.h4 h5 23.Rg5 c6 24.Rff5 Nh7 25.Rxh5 Ndf6 26.Rxh7 Nxh7 27.Bxe5 Bxe5
28.Nxe5 Rf8 29.Rh5 Rf1+ 30.Kd2 Nf6 31.Rg5 Rf2+ 32.Kd1 Nh7 33.Nd3 Nxg5 34.Nxf2 Nf7
35.Nd3 b6 36.Ne2 Nd6 37.Nd4+ Kd7 38.Ne5+ Kc7 39.Nexc6 Nxe4 40.Ne7 Rd8 41.c3 Rd7
42.Ng6 Rf7 43.Ke2 Kd6 44.g4 Ng3+ 45.Ke3 Kd5 46.Nf4+ Kc4 47.h5 a5 48.Kf3 Nf1
49.g5 Nd2+ 50.Ke3 Nb3 51.Nc6 Rf5 52.g6 Rc5 53.Nd8 Re5+ 54.Kf2 Nc5 55.Nf7 Ne4+
56.Kf3 Re7 57.Kg4 Kb3 58.Nd5 Rd7 59.Nxb6 Nf6+ 60.Kg5 Rb7 61.Nc4 Ne4+ 62.Kf4 Kxc4
63.Kxe4 Rxb2 64.Nd6+ Kxc3 65.Nf5 Kb3 66.Nxg7 Rh2 67.Ne6 Rh4+ 68.Nf4 Kxa3
69.h6 Rxh6 70.g7 Rb6 71.g8=Q a4 72.Ne2 Kb2 73.Qc4  1-0

[Event "18th CRO-Cup"]
[Site "Sibenik CRO"]
[Date "2009.05.20"]
[Round "1"]
[White "Sermek,D"]
[Black "Curic,D"]
[Result "1-0"]
[WhiteElo "2525"]
[BlackElo "2198"]

1.e4 d6 2.d4 Nf6 3.Nc3 c6 4.a4 Nbd7 5.g3 e5 6.Nge2 d5 7.exd5 cxd5 8.dxe5 Nxe5
9.Bg2 Bg4 10.O-O Bc5 11.h3 Bf3 12.Bxf3 Nxf3+ 13.Kg2 Ne5 14.Nf4 d4 15.Re1 dxc3
16.Rxe5+ Be7 17.Qe2 Kf8 18.bxc3 Bd6 19.Rb5 Qc7 20.Qf3 Rb8 21.Rab1 b6 22.a5 Kg8
23.axb6 axb6 24.Be3 Nd7 25.Nd5  1-0

[Event "18th CRO-Cup"]
[Site "Sibenik CRO"]
[Date "2009.05.20"]
[Round "1"]
[White "Katavic,B"]
[Black "Sulava,N"]
[Result "0-1"]
[WhiteElo "2188"]
[BlackElo "2521"]

1.e4 d6 2.d4 Nf6 3.Nc3 Nbd7 4.f4 e5 5.Nf3 exd4 6.Qxd4 c6 7.a4 d5 8.exd5 Bc5
9.Qd3 O-O 10.Be2 Re8 11.dxc6 bxc6 12.Ne5 Qe7 13.Be3 Ba6 14.Bxc5 Nxc5 15.Qf3 Bxe2
16.Nxe2 Nce4 17.O-O-O Qb7 18.Rd4 Rab8 19.b3 Nc5 20.Rc4 Ne6 21.Nd4 Nxd4 22.Rxd4 Qe7
23.Kb2 c5 24.Rd3 Qe6 25.Rhd1 h5 26.h3 h4 27.Rd6 Qf5 28.Ng4 Nxg4 29.hxg4 Qe4
30.Qf2 Qxa4 31.Qxc5 Qxf4 32.g5 Qe5+ 33.Qxe5 Rxe5 34.g6 fxg6 35.Rxg6 Kh7 36.Rg4 g5
37.Rd7+ Kg6 38.Rxa7 Rc8 39.Raa4 Re2 40.Rac4 Rxc4 41.bxc4 Kf5 42.Rd4 Rxg2
43.c5 Re2 44.c6 Re8 45.Rd5+ Kf4 46.Rd4+ Kf3 47.Rd3+ Ke2 48.Rh3 Rc8 49.Kc3 Kf2
50.Kd4 Kg2 51.Re3 g4 52.Re2+ Kf3  0-1

[Event "18th CRO-Cup"]
[Site "Sibenik CRO"]
[Date "2009.05.21"]
[Round "2"]
[White "Brkic,A"]
[Black "Jurkovic,A"]
[Result "1/2-1/2"]
[WhiteElo "2541"]
[BlackElo "2342"]

1.e4 d6 2.d4 Nf6 3.Nc3 e5 4.dxe5 dxe5 5.Qxd8+ Kxd8 6.Bc4 Ke8 7.Nf3 Bd6 8.Bg5 c6
9.O-O-O Bc7 10.Bxf6 gxf6 11.Nh4 Be6 12.Bb3 Na6 13.Nf5 Bxf5 14.exf5 Nc5 15.Bc4 a5
16.Be2 Ke7 17.a3 Rhd8 18.Rxd8 Rxd8 19.Rd1 Rd4 20.g3  1/2-1/2

[Event "8th Asian Continental Open"]
[Site "Subic Bay PHI"]
[Date "2009.05.21"]
[Round "9"]
[White "Hoang Canh Huan"]
[Black "Celis,S"]
[Result "1-0"]
[WhiteElo "2378"]
[BlackElo "2007"]

1.e4 d6 2.d4 Nf6 3.Nc3 e5 4.Nf3 exd4 5.Nxd4 Be7 6.g3 O-O 7.Bg2 c6 8.O-O Re8
9.Re1 Bf8 10.h3 Na6 11.Bf4 g6 12.Qd2 Bg7 13.Rad1 Nh5 14.Bg5 Qb6 15.Nb3 Bf8
16.g4 Ng7 17.Be3 Qc7 18.Bf4 Rd8 19.e5 d5 20.e6 Bd6 21.exf7+ Kxf7 22.Nxd5 cxd5
23.Qxd5+ Be6 24.Bxd6 Bxd5 25.Bxd5+ Kf6 26.Bxc7 Nxc7 27.Bxb7 Rxd1 28.Rxd1 Re8
29.f4 Re3 30.Rd7 Nge6 31.g5+ Nxg5 32.fxg5+ Kxg5 33.Rxc7 Rxh3 34.Nd4 Kf6 35.Bg2 Rh4
36.Rd7 h5 37.c4 Rg4 38.c5 h4 39.Kh2 Rg5 40.Rd5  1-0

[Event "Stuttgarter State Champs A"]
[Site "Ditzingen GER"]
[Date "2009.05.22"]
[Round "4"]
[White "Germer,P"]
[Black "Eisenbeiser,A"]
[Result "0-1"]
[WhiteElo "2177"]
[BlackElo "2406"]

1.e4 d6 2.d4 Nf6 3.Nc3 e5 4.Nf3 Nbd7 5.Be3 Be7 6.h3 O-O 7.Qd2 c6 8.Bd3 b5
9.O-O Bb7 10.Ne2 d5 11.dxe5 dxe4 12.exf6 Nxf6 13.Ne1 exd3 14.Nxd3 c5 15.Ng3 Qc8
16.Rfe1 Re8 17.Bg5 Qc6 18.f3 c4 19.Nf2 Rad8 20.Qf4 Bc5 21.Nf5 Bc8 22.Nh6+ Kf8
23.Kf1 Qd6 24.Qh4 Qd4 25.Rxe8+ Rxe8 26.Bxf6 Qxf6 27.Qxf6 gxf6 28.Ne4 Be7
29.Ng3 Rd8 30.Ke2 Rd5 31.Ng4 Rg5 32.Ne4 Rg6 33.Ne3 f5 34.Nc3 f4 35.Ng4 h5
36.Nf2 Rxg2 37.Nd5 Bh4 38.Rf1 Bg3 39.Nf6 Bxh3 40.Ne4 Rh2 41.Rg1 h4 42.Rh1 Rxh1
43.Nxh1 Bg2  0-1

[Event "Stuttgarter State Champs A"]
[Site "Ditzingen GER"]
[Date "2009.05.22"]
[Round "5"]
[White "Gheng,J"]
[Black "Reinhardt,B"]
[Result "1/2-1/2"]
[WhiteElo "2310"]
[BlackElo "2344"]

1.e4 d6 2.d4 Nf6 3.Nc3 e5 4.Nf3 Nbd7 5.Bc4 Be7 6.h3 O-O 7.O-O c6 8.Re1 b5
9.Bf1 a6 10.a4 Bb7 11.Nb1 Re8 12.c3 Bf8 13.Nbd2 Qc7 14.Bd3 Rad8 15.Nh2 d5
16.exd5 exd4 17.Rxe8 Rxe8 18.cxd4 Nxd5 19.Ndf3 Nf4 20.Bf1 Bd6 21.Ng4 Nb6
22.b3 Nbd5 23.Bd2 h5 24.Nge5 f6 25.Nd3 Bc8 26.axb5 axb5 27.Nxf4 Bxf4 28.Ba5 Qd6
29.Bd3 Ne7 30.Bb6 Bf5 31.Bc5 Qe6 32.Bxe7 Rxe7 33.Ra8+ Kf7 34.g3 Bh6 35.Bxf5 Qxf5
36.Kg2 Qe4 37.b4 g5 38.Kg1 g4 39.hxg4 hxg4 40.Qb3+ Qe6 41.Qc2 Qe4 42.Qa2+ Qe6
43.Qc2 Qe4 44.Qa2+  1/2-1/2

[Event "CXG Match"]
[Site "Rio de Janeiro BRA"]
[Date "2009.05.22"]
[Round "3"]
[White "Chauca,J"]
[Black "Lima,Da"]
[Result "0-1"]
[WhiteElo "2173"]
[BlackElo "2491"]

1.e4 d6 2.d4 Nf6 3.Nc3 e5 4.dxe5 dxe5 5.Qxd8+ Kxd8 6.Bg5 Be6 7.Nd5 Nd7 8.O-O-O Kc8
9.f3 Ne8 10.Bc4 Nd6 11.Bb3 Nc5 12.Ne2 f6 13.Be3 Nxb3+ 14.cxb3 c6 15.Ndc3 b6
16.g4 Kc7 17.h3 Be7 18.f4 Rad8 19.f5 Bf7 20.h4 g6 21.Ng3 Rdg8 22.Rhg1 h5
23.fxg6 Bxg6 24.Nf5 Nxf5 25.gxf5 Bf7 26.Rxg8 Rxg8 27.Rg1 Rxg1+ 28.Bxg1 c5
29.Be3 Bf8 30.Kc2 Kc6 31.Ne2 b5 32.a3 a6 33.Ng3 Be7 34.Nf1 Bd8 35.Nd2 Ba5
36.Bh6 Bb6 37.Kd3 Bxb3 38.Nxb3 c4+ 39.Kc3 cxb3 40.Bg7 Bd8 41.Kxb3 a5 42.a4 bxa4+
43.Kxa4 Kc5  0-1

[Event "8th Asian Continental Women"]
[Site "Subic Bay PHI"]
[Date "2009.05.22"]
[Round "10"]
[White "Camacho,C"]
[Black "Zhu Chen"]
[Result "0-1"]
[WhiteElo "2166"]
[BlackElo "2491"]

1.e4 d6 2.d4 Nf6 3.Nc3 e5 4.dxe5 dxe5 5.Qxd8+ Kxd8 6.Bg5 Be6 7.O-O-O+ Nd7
8.f4 exf4 9.Bxf4 Bc4 10.Nd5 Bxd5 11.exd5 Bd6 12.Bxd6 cxd6 13.c4 Ng4 14.Nh3 Rc8
15.b3 b5 16.Rd4 Nge5 17.Kd2 b4 18.Bd3 Nc5 19.Bc2 a5 20.Nf2 g6 21.Ra1 f5 22.Nh3 Ke7
23.Nf2 Ra8 24.a4 Kf6 25.Rf4 Kg7 26.Rf1 Rhf8 27.Nh1 Rae8 28.h3 Rf7 29.Ng3 Rfe7
30.R1f2 Ned7 31.Re2 Re5 32.Rf1 Kh6 33.Rfe1 Kg5 34.Rxe5 dxe5 35.Ke2 h5 36.Nh1 h4
37.Nf2 Kf6 38.Rf1 Rh8 39.Ke3 Rh5 40.Ke2 Rg5 41.Ng4+ Ke7 42.Ne3 Nf6 43.Rf2 Nh5
44.Ke1 Nf4 45.Kf1 Rg3 46.Rf3 Rxf3+ 47.gxf3 Kf6 48.Ng2 Kg5 49.Nxf4 Kxf4 50.Kf2 g5
51.Kg2 e4 52.fxe4 fxe4 53.Bd1 Ke5 54.Kf2 Kd4 55.Ke2 Nd3 56.Kf1 Ke5 57.Bg4 Nc1
58.Bd1 e3 59.Ke1 e2 60.Bxe2 Nxb3 61.Bd1 Nc5 62.Kd2 Kd4 63.Bf3 Kxc4 64.d6 Kd4
65.Bc6 Ne6 66.d7 Kc5 67.Bb5 Kd6 68.Ke3 Ke7 69.Bc4 Nc5 70.Kd4 Nxa4 71.Bb3 Nc3
72.Kc5 Kxd7  0-1

[Event "Stuttgarter State Champs A"]
[Site "Ditzingen GER"]
[Date "2009.05.23"]
[Round "6"]
[White "Wiley,To"]
[Black "Eisenbeiser,A"]
[Result "1/2-1/2"]
[WhiteElo "2303"]
[BlackElo "2406"]

1.d4 d6 2.e4 Nf6 3.Nc3 e5 4.dxe5 dxe5 5.Qxd8+ Kxd8 6.Bc4 Ke8 7.f3 a6 8.Be3 Bd6
9.Nge2 Nbd7 10.a4 b6 11.Kf2 Bb7 12.Rhd1 Ke7 13.Nd5+ Nxd5 14.Bxd5 Bxd5  1/2-1/2

[Event "ch-Catalunya"]
[Site "Lleida ESP"]
[Date "2009.05.23"]
[Round "4.2"]
[White "Lopez Martinez,Josep"]
[Black "Magem Badals,J"]
[Result "1-0"]
[WhiteElo "2557"]
[BlackElo "2531"]

1.e4 d6 2.d4 Nf6 3.Nc3 e5 4.Nf3 Nbd7 5.Bc4 Be7 6.O-O O-O 7.Re1 c6 8.a4 a5
9.h3 exd4 10.Qxd4 Nc5 11.Bf4 Be6 12.Rad1 Qb6 13.Bxe6 fxe6 14.Bxd6 Bxd6 15.Qxd6 Rad8
16.Qe5 Nfd7 17.Qd4 Qxb2 18.Qe3 Qb6 19.Rd6 Rde8 20.Red1 Re7 21.e5 Ref7 22.R6d2 Qb4
23.Ng5 Re7 24.Rd4 Qb2 25.Rc4 b6 26.Qd4 h6 27.Nd5 exd5 28.Qxb2 dxc4 29.Nf3 Rfe8
30.Rd6 Nxa4 31.Qd4 Nac5 32.Qxc4+ Kh8 33.Rxc6 Nxe5 34.Nxe5 Rxe5 35.Rxb6 Nd7
36.Rb7 Nf6 37.Qc7 Rg5 38.Ra7 Re1+ 39.Kh2 Re2 40.Qd8+ Re8 41.Qb6 Rc8 42.Rc7 Rxc7
43.Qxc7 Rd5 44.c4 Rd4 45.c5 a4 46.c6 a3 47.Qb8+ Kh7 48.c7 a2 49.c8=Q a1=Q
50.Qf5+  1-0

[Event "Porto Mannu Open"]
[Site "Palau ITA"]
[Date "2009.05.23"]
[Round "9"]
[White "Korneev,O"]
[Black "Pelletier,Y"]
[Result "1/2-1/2"]
[WhiteElo "2587"]
[BlackElo "2559"]

1.e4 d6 2.d4 Nf6 3.Nc3 e5 4.Nf3 Nbd7 5.Bc4 Be7 6.O-O O-O 7.Re1 c6 8.a4 a5
9.h3 Nb6 10.Bf1 Nfd7 11.b3 exd4 12.Nxd4 Nc5 13.Bf4 f5 14.exf5 Bxf5 15.Nxf5 Rxf5
16.Qg4 Rf7 17.Ne4 d5 18.Nxc5 Bxc5 19.g3 Bd6 20.Bxd6 Qxd6 21.Bd3 Nd7 22.Qe6 Qf8
23.Kg2 Nc5 24.Qe3 d4 25.Qxd4 Rd8 26.Qe3 Nxd3 27.cxd3 Qd6 28.d4 Qd5+ 29.f3 Qxd4
30.Qxd4 Rxd4 31.Rad1 Rfd7 32.Rxd4 Rxd4 33.Re5 Rd2+ 34.Kf1 Rd3 35.Ke2 Rxb3
36.Rxa5 Kf7 37.h4 h6 38.g4 Ke6 39.h5 Rb4  1/2-1/2

[Event "TCh-UKR Teams"]
[Site "Alushta UKR"]
[Date "2009.05.24"]
[Round "4"]
[White "Boricsev,O"]
[Black "Rakhmangulov,A"]
[Result "1/2-1/2"]
[WhiteElo "2279"]
[BlackElo "2330"]

1.e4 d6 2.d4 Nf6 3.Nc3 c6 4.g3 g6 5.Bg2 Bg7 6.Nge2 Qc7 7.a4 a5 8.h3 e5 9.Be3 O-O
10.O-O Na6 11.Kh2 Nb4 12.f4 Re8 13.Qd2 Be6 14.b3 Rad8 15.Rf3 exd4 16.Nxd4 d5
17.e5 Nd7 18.f5 Bxf5 19.Nxf5 gxf5 20.Rxf5 Nxe5 21.Bh6 Re6 22.Bxg7 Kxg7 23.Raf1  1/2-1/2

[Event "Stuttgarter State Champs A"]
[Site "Ditzingen GER"]
[Date "2009.05.24"]
[Round "7"]
[White "Jovalekic,O"]
[Black "Reinhardt,B"]
[Result "0-1"]
[WhiteElo "2175"]
[BlackElo "2344"]

1.e4 d6 2.d4 Nf6 3.Nc3 Nbd7 4.Nf3 e5 5.Bc4 Be7 6.O-O O-O 7.dxe5 dxe5 8.Qe2 c6
9.Be3 Qc7 10.Rad1 Nc5 11.Bc1 Bg4 12.h3 Bh5 13.b4 Ncd7 14.a3 a5 15.b5 Rfc8
16.Bb2 cxb5 17.Bxb5 Nb6 18.Nd5 Nbxd5 19.exd5 Bd6 20.g4 Nxg4 21.Nxe5 Nxf2
22.Qxh5 Nxd1 23.Nxf7 Nxb2 24.Ng5 Qxc2 25.Qf7+  0-1

[Event "ch-UKR w"]
[Site "Evpatoria UKR"]
[Date "2009.05.24"]
[Round "2"]
[White "Aslanian,L"]
[Black "Arutyunova,D"]
[Result "1/2-1/2"]
[WhiteElo "2145"]
[BlackElo "2264"]

1.e4 d6 2.d4 Nf6 3.Nc3 c6 4.a4 Qa5 5.Bd2 e5 6.Nf3 Bg4 7.dxe5 dxe5 8.h3 Bxf3
9.Qxf3 Qc7 10.Bc4 Nbd7 11.O-O Bb4 12.Rfe1 O-O 13.Bg5 Qa5 14.Re3 Bc5 15.Re2 Be7
16.Ba2 Nc5 17.Bd2 Qc7 18.b4 Na6 19.b5 Nc5 20.g4 Ne8 21.Qg3 Rd8 22.f4 Rxd2
23.Rxd2 exf4 24.Qf3 Bf6 25.Re1 Be5 26.bxc6 bxc6 27.Bb3 Qa5 28.Nb1 Nc7 29.Kg2 Nxa4
30.Bxa4 Qxa4 31.Qb3 Qa5 32.Red1 Ne6 33.Qc4 Qb6 34.Rd3 a5 35.Rb3 Qa7 36.Qxc6 Nd4
37.Qb6 f3+ 38.Kf2 Qe7 39.Rxd4 Qh4+ 40.Kxf3 Qxh3+ 41.Kf2 Qh4+ 42.Kf1 Qh1+
43.Kf2 Qh2+ 44.Kf1 Qh1+ 45.Kf2  1/2-1/2

[Event "Chicago Open"]
[Site "Wheeling USA"]
[Date "2009.05.25"]
[Round "6"]
[White "Antal,Ge"]
[Black "Young,An"]
[Result "1-0"]
[WhiteElo "2490"]
[BlackElo "2350"]

1.e4 d6 2.d4 Nf6 3.Nc3 c6 4.Be3 Nbd7 5.Qd2 Ng4 6.Bg5 f6 7.Bh4 g6 8.f4 Bg7
9.Nf3 O-O 10.h3 Nh6 11.Bf2 b5 12.g4 Nb6 13.b3 b4 14.Ne2 f5 15.gxf5 gxf5 16.e5 Be6
17.Ng5 Bd5 18.Rg1 Nf7 19.Qxb4 Nxg5 20.Rxg5 a5 21.Qc3 Kh8 22.Qg3 Rg8 23.Qh4 e6
24.a4 dxe5 25.dxe5 Nd7 26.Rh5 Qxh4 27.Bxh4 h6 28.Nd4 Nf8 29.Be2 c5 30.Nb5 Ng6
31.Bg5 Kh7 32.Nc7 Rac8 33.Nxd5 exd5 34.O-O-O d4 35.Bd3 Rgf8 36.Rg1 Rc6 37.Kd2 Rb6
38.Ke2 Rc6 39.Kf3 Rb6 40.Bh4 Nxh4+ 41.Rxh4 Rg6 42.Rxg6 Kxg6 43.Rg4+ Kh7 44.Rg2 Bh8
45.h4 Rf7 46.e6  1-0

[Event "ch-UKR w"]
[Site "Evpatoria UKR"]
[Date "2009.05.28"]
[Round "6"]
[White "Ivanenko,O2"]
[Black "Arutyunova,D"]
[Result "1/2-1/2"]
[WhiteElo "2002"]
[BlackElo "2264"]

1.e4 d6 2.d4 Nf6 3.Nc3 c6 4.f4 Qa5 5.Bd3 e5 6.Nf3 Bg4 7.Be3 Nbd7 8.O-O Be7
9.h3 Bxf3 10.Qxf3 h5 11.Ne2 O-O-O 12.c3 Kb8 13.a4 Qc7 14.a5 g6 15.dxe5 dxe5
16.Qf2 c5 17.c4 exf4 18.Bxf4 Bd6 19.Nc3 Bxf4 20.Qxf4 Qxf4 21.Rxf4 Ne5 22.Bf1 Ne8
23.Nd5 Ng7 24.Rf2 Ne6 25.b4 cxb4 26.Rb1 Nc5 27.Nxb4 Nxe4 28.Rfb2 Nc5 29.Re2 f6
30.Nd5 Ned7 31.Ne7 Ne5 32.Rb5 Ncd3 33.Rd2  1/2-1/2

[Event "TOP 16 Poule Basse"]
[Site "Le Port Marly FRA"]
[Date "2009.05.28"]
[Round "8"]
[White "Babault,P"]
[Black "Elbilia,J"]
[Result "0-1"]
[WhiteElo "2348"]
[BlackElo "2402"]

1.e4 d6 2.d4 Nf6 3.Nc3 e5 4.Nge2 c6 5.h3 h5 6.g3 Nbd7 7.Bg2 b5 8.a3 Bb7 9.O-O Be7
10.Be3 a5 11.Nc1 Qc7 12.Nd3 O-O 13.Kh2 Rfe8 14.f4 Bf8 15.fxe5 dxe5 16.dxe5 Nxe5
17.Nxe5 Rxe5 18.Bf4 Bd6 19.Bxe5 Bxe5 20.Kh1 Rd8 21.Qe2 Bxg3 22.Rad1 Be5 23.Rd3 Re8
24.Qe3 b4 25.axb4 axb4 26.Na4 Ba6 27.Nc5 Bxd3 28.Nxd3 c5 29.Qxc5 Qxc5 30.Nxc5 Bxb2
31.Nd3 Bc3 32.e5 Nd7 33.Bd5 Nxe5 34.Nxe5 Rxe5 35.Bxf7+ Kh7 36.Rg1 Re3 37.Bg6+ Kh6
38.Bf5 g5 39.Rf1 g4 40.hxg4 h4 41.g5+ Kxg5 42.Kg2 Be5 43.Bd7 h3+ 44.Bxh3 Rg3+
45.Kh2 Rc3+ 46.Kg2 Rxc2+ 47.Kg1 b3 48.Bf5 Bd4+ 49.Kh1 Rd2 50.Bb1 Kg4 51.Be4 b2
52.Bg2 Bf2 53.Be4 Kg3 54.Rb1 Bd4 55.Rxb2 Rd1+  0-1